World report on road traffic injury prevention / (Record no. 234854)

000 -LEADER
fixed length control field 01081cam a22002777a 4500
001 - CONTROL NUMBER
control field 13735555
003 - CONTROL NUMBER IDENTIFIER
control field Nust
005 - DATE AND TIME OF LATEST TRANSACTION
control field 20170331120540.0
008 - FIXED-LENGTH DATA ELEMENTS--GENERAL INFORMATION
fixed length control field 040517s2004 sz a b 001 0 eng d
010 ## - LIBRARY OF CONGRESS CONTROL NUMBER
LC control number 2004456822
020 ## - INTERNATIONAL STANDARD BOOK NUMBER
International Standard Book Number 9241562609
035 ## - SYSTEM CONTROL NUMBER
System control number (OCoLC)ocm55523256
040 ## - CATALOGING SOURCE
Original cataloging agency EQO
Transcribing agency EQO
Modifying agency DLC
042 ## - AUTHENTICATION CODE
Authentication code lccopycat
050 00 - LIBRARY OF CONGRESS CALL NUMBER
Classification number HE5614
Item number .W598 2004
082 ## - DEWEY DECIMAL CLASSIFICATION NUMBER
Classification number 330 PED
245 00 - TITLE STATEMENT
Title World report on road traffic injury prevention /
Statement of responsibility, etc. edited by Margie Peden ... [et al.].
260 ## - PUBLICATION, DISTRIBUTION, ETC.
Place of publication, distribution, etc. Geneva :
Name of publisher, distributor, etc. World Health Organization,
Date of publication, distribution, etc. 2004.
300 ## - PHYSICAL DESCRIPTION
Extent xv, 217 p. :
Other physical details ill. ;
Dimensions 27 cm.
504 ## - BIBLIOGRAPHY, ETC. NOTE
Bibliography, etc. note Includes bibliographical references and index.
650 #0 - SUBJECT ADDED ENTRY--TOPICAL TERM
Topical term or geographic name entry element Traffic safety.
650 #0 - SUBJECT ADDED ENTRY--TOPICAL TERM
Topical term or geographic name entry element Crash injuries
General subdivision Prevention.
700 1# - ADDED ENTRY--PERSONAL NAME
Personal name Peden, M. M.
710 2# - ADDED ENTRY--CORPORATE NAME
Corporate name or jurisdiction name as entry element World Health Organization.
906 ## - LOCAL DATA ELEMENT F, LDF (RLIN)
a 7
b cbc
c copycat
d 3
e ncip
f 20
g y-gencatlg
942 ## - ADDED ENTRY ELEMENTS (KOHA)
Source of classification or shelving scheme
Koha item type Book
Holdings
Withdrawn status Lost status Source of classification or shelving scheme Damaged status Not for loan Permanent Location Current Location Date acquired Total Checkouts Full call number Barcode Date last seen Price effective from Koha item type
          School of Civil and Environmental Engineering (SCEE) School of Civil and Environmental Engineering (SCEE) 03/31/2017   330 PED NIT-7538 03/31/2017 03/31/2017 Book
          School of Civil and Environmental Engineering (SCEE) School of Civil and Environmental Engineering (SCEE) 03/31/2017   330 PED NIT-8259 03/31/2017 03/31/2017 Book
© 2023 Central Library, National University of Sciences and Technology. All Rights Reserved.